<?xml version="1.0" encoding="UTF-8"?><?xml-stylesheet type="text/xsl" href="static/style.xsl"?><OAI-PMH xmlns="http://www.openarchives.org/OAI/2.0/" xmlns:xsi="http://www.w3.org/2001/XMLSchema-instance" xsi:schemaLocation="http://www.openarchives.org/OAI/2.0/ http://www.openarchives.org/OAI/2.0/OAI-PMH.xsd"><responseDate>2026-04-17T02:42:14Z</responseDate><request verb="GetRecord" identifier="oai:www.recercat.cat:2117/186185" metadataPrefix="marc">https://recercat.cat/oai/request</request><GetRecord><record><header><identifier>oai:recercat.cat:2117/186185</identifier><datestamp>2025-07-22T16:55:31Z</datestamp><setSpec>com_2072_1033</setSpec><setSpec>col_2072_452951</setSpec></header><metadata><record xmlns="http://www.loc.gov/MARC21/slim" xmlns:dcterms="http://purl.org/dc/terms/" xmlns:xsi="http://www.w3.org/2001/XMLSchema-instance" xmlns:doc="http://www.lyncode.com/xoai" xsi:schemaLocation="http://www.loc.gov/MARC21/slim http://www.loc.gov/standards/marcxml/schema/MARC21slim.xsd">
   <leader>00925njm 22002777a 4500</leader>
   <datafield ind2=" " ind1=" " tag="042">
      <subfield code="a">dc</subfield>
   </datafield>
   <datafield ind2=" " ind1=" " tag="720">
      <subfield code="a">Aubets Fàbrega, Marta</subfield>
      <subfield code="e">author</subfield>
   </datafield>
   <datafield ind2=" " ind1=" " tag="260">
      <subfield code="c">2005-07</subfield>
   </datafield>
   <datafield ind2=" " ind1=" " tag="520">
      <subfield code="a">Aquest treball té com a finalitat la realització d’un estudi i proposta d’intervenció de la masia “La Borda”. Actualment és una masia deshabitada, per tal de rehabilitar-la realitzarem un estudi on analitzarem tots els recursos que disposa la zona. I a partir d’aquí donarem la proposta d’intervenció. Per poder tornar a dona vida a la zona. Intentarem establir una metodologia d’actuació i tractarem de solucionar les mancances que pot tindre l’edifici per al nou ús. A més també seran objecte d’estudi els edificis annexes a la masia. Tindrem en compte la tipologia constructiva, els aspectes mediambientals, els recursos de la zona.&#xd;
&#xd;
Intentarem establir una metodologia d’actuació i tractarem de solucionar les mancances que pot tindre l’edifici per al nou ús. A més també seran objecte d’estudi els edificis annexes a la masia.&#xd;
Tindrem en compte la tipologia constructiva, els aspectes mediambientals, els recursos de la zona.</subfield>
   </datafield>
   <datafield tag="653" ind2=" " ind1=" ">
      <subfield code="a">Àrees temàtiques de la UPC::Edificació::Rehabilitació d'edificis</subfield>
   </datafield>
   <datafield tag="653" ind2=" " ind1=" ">
      <subfield code="a">Buildings -- Repair and reconstruction</subfield>
   </datafield>
   <datafield tag="653" ind2=" " ind1=" ">
      <subfield code="a">Farmhouses</subfield>
   </datafield>
   <datafield tag="653" ind2=" " ind1=" ">
      <subfield code="a">Masos, masies, etc. -- Remodelació</subfield>
   </datafield>
   <datafield tag="653" ind2=" " ind1=" ">
      <subfield code="a">Cal Borda (Coll de Nargó, Catalunya)</subfield>
   </datafield>
   <datafield ind2="0" ind1="0" tag="245">
      <subfield code="a">Estudi i proposta d'intervenció de la Masia "La Borda"</subfield>
   </datafield>
</record></metadata></record></GetRecord></OAI-PMH>